000 00847nam a22002057a 4500
999 _c8115
_d8115
003 AR-CdUCM
008 190322b ||||| |||| 00| 0 spa d
040 _aMUNICIPALIDAD PROVINCIAL DEL CUSCO
_cBIBLIOTECA MUNICIPAL DEL CUSCO
082 _a510 /
_bF82
100 _aFréchet, Maurice
_922914
245 _aLas matemáticas y lo concreto /
260 _aMéxico :
_bNuevo mundo,
_c1958.
300 _a488 paginas ;
_c21 cm.
440 _aProblemas científicos y filosóficos.
_n10
_922915
505 _aContenido :La desaxiomatizacion de la ciencia -- Los orígenes de las nociones matemáticas -- El análisis general y los conjuntos abstractos -- Las matemáticas en las ciencias humanas -- El calculo de las probabilidades ...
650 _aMatemática pura
_920304
650 _aCiencias puras
_920725
942 _2ddc
_cLIBROS
945 _arum